|
|
|
|
| LEADER |
00000cam a22000004a 4500 |
| 001 |
musev2_73028 |
| 003 |
MdBmJHUP |
| 005 |
20230905051525.0 |
| 006 |
m o d |
| 007 |
cr||||||||nn|n |
| 008 |
200120s2020 nbu o 00 0 eng d |
| 020 |
|
|
|a 9781496220141
|
| 020 |
|
|
|z 9781496207920
|
| 035 |
|
|
|a (OCoLC)1137040568
|
| 040 |
|
|
|a MdBmJHUP
|c MdBmJHUP
|
| 100 |
1 |
|
|a Pratt, James,
|d 1927-
|e author.
|
| 245 |
1 |
0 |
|a Sabotaged :
|b Dreams of Utopia in Texas /
|c James Pratt.
|
| 264 |
|
1 |
|a Lincoln :
|b University of Nebraska Press,
|c [2020]
|
| 264 |
|
3 |
|a Baltimore, Md. :
|b Project MUSE,
|c 2020
|
| 264 |
|
4 |
|c ©[2020]
|
| 300 |
|
|
|a 1 online resource (336 pages).
|
| 336 |
|
|
|a text
|b txt
|2 rdacontent
|
| 337 |
|
|
|a computer
|b c
|2 rdamedia
|
| 338 |
|
|
|a online resource
|b cr
|2 rdacarrier
|
| 505 |
0 |
|
|a Introduction: Charles Fourier's philosophy -- The doctor's community -- A better site for a Phalanstere -- First emissaries to the frontier -- Preparations and the view from Paris -- Preparations and the view from Guise -- Preparations and the view from Brussels -- Preparations and the view from Chapelle Gaugain -- Preparations and the view from New York -- Finding land -- Sailing to America -- Expectations -- Storm clouds -- From sails to steam to feet -- From Houston to the three forks -- First days building and the bloom of June -- Confronting the vision -- Trying out life -- Considerant and Texas politics -- Downward slide -- Demise -- Endings and new beginning -- Afterword: Reunion influences on Dallas.
|
| 520 |
|
|
|a "Sabotaged is the account of French, Swiss, and Belgian intellectuals who followed Victor Considerant to Texas in 1855 in a quixotic attempt to fulfill their dreams of a new life in a utopia"--
|c Provided by publisher
|
| 588 |
|
|
|a Description based on print version record.
|
| 600 |
1 |
7 |
|a Fourier, Charles,
|d 1772-1837.
|2 fast
|0 (OCoLC)fst00113510
|
| 600 |
1 |
7 |
|a Considerant, Victor,
|d 1808-1893.
|2 fast
|0 (OCoLC)fst00208071
|
| 600 |
1 |
1 |
|a Considerant, Victor,
|d 1808-1893.
|
| 600 |
1 |
1 |
|a Fourier, Charles,
|d 1772-1837
|x Influence.
|
| 600 |
1 |
0 |
|a Fourier, Charles,
|d 1772-1837
|x Influence.
|
| 600 |
1 |
0 |
|a Considerant, Victor,
|d 1808-1893.
|
| 650 |
|
7 |
|a Utopias.
|2 fast
|0 (OCoLC)fst01163359
|
| 650 |
|
7 |
|a Utopian socialism.
|2 fast
|0 (OCoLC)fst01163356
|
| 650 |
|
7 |
|a Influence (Literary, artistic, etc.)
|2 fast
|0 (OCoLC)fst00972484
|
| 650 |
|
7 |
|a Collective settlements.
|2 fast
|0 (OCoLC)fst00867585
|
| 650 |
|
7 |
|a HISTORY
|z United States
|x State & Local
|x Southwest (AZ, NM, OK, TX)
|2 bisacsh
|
| 650 |
|
6 |
|a Communautes
|z Texas
|x Histoire.
|
| 650 |
|
6 |
|a Socialisme utopique
|z Texas
|x Histoire.
|
| 650 |
|
6 |
|a Utopies
|z Texas
|x Histoire.
|
| 650 |
|
0 |
|a Collective settlements
|z Texas
|x History.
|
| 650 |
|
0 |
|a Utopian socialism
|z Texas
|x History.
|
| 650 |
|
0 |
|a Utopias
|z Texas
|x History.
|
| 651 |
|
7 |
|a Texas.
|2 fast
|0 (OCoLC)fst01210336
|
| 651 |
|
0 |
|a La Reunion (Tex.)
|x History.
|
| 655 |
|
7 |
|a History.
|2 fast
|0 (OCoLC)fst01411628
|
| 655 |
|
7 |
|a Electronic books.
|2 local
|
| 710 |
2 |
|
|a Project Muse.
|e distributor
|
| 830 |
|
0 |
|a Book collections on Project MUSE.
|
| 856 |
4 |
0 |
|z Texto completo
|u https://projectmuse.uam.elogim.com/book/73028/
|
| 945 |
|
|
|a Project MUSE - Custom Collection
|
| 945 |
|
|
|a Project MUSE - 2020 Complete
|
| 945 |
|
|
|a Project MUSE - 2020 US Regional Studies, South
|